| 000 | 00624nam a2200205 a 4500 | ||
|---|---|---|---|
| 005 | 20230209063806.0 | ||
| 008 | 040827s2000 mx r 000 0 spa d | ||
| 020 | _a9702600022 | ||
| 035 | _aUPN01000134429 | ||
| 049 | _aCG | ||
| 050 | 4 |
_aHD62.15 _bC7.2 |
|
| 100 | 1 | _aCrosby, Philip B. | |
| 245 | 1 | 3 |
_aLa calidad y yo : _buna experiencia de vida / _cPhilip B. Crosby ; tr. Carmen Aspe Solórzano. |
| 260 |
_aMéxico : _bPearson Educación, _c2000. |
||
| 300 | _axii, 250 p. | ||
| 650 | 2 |
_aAdministración de calidad total _9437 |
|
| 650 | 4 |
_aControl de calidad _910920 |
|
| 650 | 4 |
_aEJECUTIVOS _913758 |
|
| 905 | _aLibro | ||
| 999 |
_c106580 _d106580 |
||